000 00474nam a2200169Ia 4500
008 240729s9999 xx 000 0 und d
022 _a1687-8078
245 0 _aInternational Journal of Chemical Engineering
260 _aUnited Kingdom
260 _bHindawi Limited
650 _a Chemical engineering
650 _a Chemical technology
650 _aTechnology
856 _uhttps://doaj.org/toc/517f32eb88ca4208a8c42e799a9a16c3
942 _2ddc
942 _cDOAJEJ
999 _c71683
_d71683
945 _a1
_bMadushi Gamage
_c1
_dMadushi Gamage